Paulino y Suetonio /
Uloženo v:
| Hlavní autor: | |
|---|---|
| Médium: | Neznámo |
| Jazyk: | Spanish |
| Vydáno: |
[Lugar de publicación no identificado] :
[editor no identificado],
[fecha de publicación no identificado].
|
| Témata: | |
| Tagy: |
Přidat tag
Žádné tagy, Buďte první, kdo vytvoří štítek k tomuto záznamu!
|
MARC
| LEADER | 000000000a22000000004500 | ||
|---|---|---|---|
| 001 | 002948 | ||
| 041 | 0 | |a spa | |
| 082 | 0 | 4 | |a CR862.4 |b V775p |
| 100 | 1 | |a Vincenzi Pacheco, Moisés, |d 1895 | |
| 245 | 1 | 0 | |a Paulino y Suetonio / |c Moisés Vincenzi Pacheco. |
| 260 | 1 | |a [Lugar de publicación no identificado] : |b [editor no identificado], |c [fecha de publicación no identificado]. | |
| 650 | 4 | |a LITERATURA COSTARRICENSE | |
| 650 | 4 | |a TEATRO | |
| 999 | |c 9274 |d 9274 | ||
| 942 | |c BK |h CR862.4 V775p |2 z | ||
